| 000 | 00773cam a2200217 4500 | ||
|---|---|---|---|
| 008 | #DATE n1988 000 0 eng u | ||
| 020 | _a0854064001 | ||
| 035 | _a(Sirsi) u124283 | ||
| 041 | _aeng | ||
| 050 |
_a331.2 _c18 |
||
| 110 |
_aRoyal Institution of Chartered Surveyors _94900 |
||
| 245 | _aAgreement for the appointment of Chartered Building Surveyors | ||
| 260 |
_aLondon _bSurveyors Publications _c1988 |
||
| 300 |
_a2p. _c30cm. |
||
| 350 | _a3.95 | ||
| 490 | _aRICS Conditions of Engagement | ||
| 520 | _aIncluded in "Conditions of engagement for building surveying services" (ISBN 0854063994). | ||
| 690 | _aBUILT ENVIRONMENT-BUILDING INSPECTION | ||
| 710 |
_aRoyal Institution of Chartered Surveyors _bBuilding Surveyors Division _94964 |
||
| 942 | _n0 | ||
| 999 |
_c103194 _d103194 |
||